Online
Catalog

Confesiones de Fraile : (Record no. 1670)

MARC details
000 -CABECERA
campo de control de longitud fija 01131nam a2200265 a 4500
001 - NÚMERO DE CONTROL
campo de control 000001793
005 - FECHA Y HORA DE LA ÚLTIMA TRANSACCIÓN
campo de control 20200929145714.0
008 - DATOS DE LONGITUD FIJA--INFORMACIÓN GENERAL
campo de control de longitud fija 090629s2006 cu ac 000 0 spa d
020 ## - NÚMERO INTERNACIONAL ESTÁNDAR DEL LIBRO
Número Internacional Estándar del Libro 9592112479
040 ## - FUENTE DE LA CATALOGACIÓN
Centro catalogador/agencia de origen DO-SdBNP
Lengua de catalogación spa
Centro/agencia transcriptor BNPHU
082 ## - NÚMERO DE LA CLASIFICACIÓN DECIMAL DEWEY
Número de clasificación 303.625
Número de documento/Ítem A472c
100 1# - ENTRADA PRINCIPAL--NOMBRE DE PERSONA
Nombre de persona Alvarado Godoy, Percy Francisco,
Fechas asociadas al nombre 1949-
9 (RLIN) 3229
245 10 - MENCIÓN DE TÍTULO
Título Confesiones de Fraile :
Resto del título la labor de un agente de la seguridad cubana que penetró el ala terrorista de la Fundación Nacional Cubano- Americana /
Mención de responsabilidad, etc. Percy Francisco Alvarado Godoy.
246 14 - FORMA VARIANTE DE TÍTULO
Título propio/Titulo breve Confesiones de Fraile : una historia real de terrorismo
260 ## - PUBLICACIÓN, DISTRIBUCIÓN, ETC.
Lugar de publicación, distribución, etc. La Habana, Cuba :
Nombre del editor, distribuidor, etc. Capitán San Luis,
Fecha de publicación, distribución, etc. 2006.
300 ## - DESCRIPCIÓN FÍSICA
Extensión 153 p :
Otras características físicas il., retrs. ;
Dimensiones 22 cm.
500 ## - NOTA GENERAL
Nota general Incluye datos biográficos del autor en la solapa de la cubierta
600 14 - PUNTO DE ACCESO ADICIONAL DE MATERIA--NOMBRE DE PERSONA
Nombre de persona ALVARADO GODOY, PERCY FRANCISCO,
Fechas asociadas al nombre 1949-
9 (RLIN) 5818
650 #4 - PUNTO DE ACCESO ADICIONAL DE MATERIA--TÉRMINO DE MATERIA
Término de materia o nombre geográfico como elemento de entrada Terrorismo
Subdivisión geográfica Cuba
9 (RLIN) 5819
650 #4 - PUNTO DE ACCESO ADICIONAL DE MATERIA--TÉRMINO DE MATERIA
Término de materia o nombre geográfico como elemento de entrada Espias
Subdivisión geográfica Cuba
Subdivisión general Biografías
9 (RLIN) 5820
650 #4 - PUNTO DE ACCESO ADICIONAL DE MATERIA--TÉRMINO DE MATERIA
Término de materia o nombre geográfico como elemento de entrada Espionaje cubana
Subdivisión geográfica Estados Unidos
9 (RLIN) 5821
650 #4 - PUNTO DE ACCESO ADICIONAL DE MATERIA--TÉRMINO DE MATERIA
Término de materia o nombre geográfico como elemento de entrada Servicio de inteligencia
Subdivisión geográfica Cuba
9 (RLIN) 5822
650 #4 - PUNTO DE ACCESO ADICIONAL DE MATERIA--TÉRMINO DE MATERIA
Término de materia o nombre geográfico como elemento de entrada Actividades subversivas
Subdivisión geográfica Cuba
9 (RLIN) 5823
650 #4 - PUNTO DE ACCESO ADICIONAL DE MATERIA--TÉRMINO DE MATERIA
Término de materia o nombre geográfico como elemento de entrada Terroristas
Subdivisión geográfica Flórida, Miami
9 (RLIN) 5824
Holdings
Estado de retiro Estado de pérdida Restricciones de uso No para préstamo Código de colección Localización permanente Ubicación/localización actual Ubicación en estantería Fecha de adquisición Número de inventario Total de préstamos Signatura topográfica completa Código de barras Fecha visto por última vez Precio válido a partir de Tipo de ítem Koha Número de copia
      Excluido de préstamo Monografías: Libros y Folletos General General Depósito 29.06.2009 LF1   303.625 A472c 1793-10 25.06.2020 25.06.2020 No se presta  
  Extraviado   Excluido de préstamo Monografías: Libros y Folletos General General Extraviado 29.06.2009 LF1   303.625 A472c 1793-20 25.06.2020 25.06.2020 No se presta e. 2

Powered by Koha